Score 0/42 Timer 04:00
4 Plays Today
Hint 4-Letter Word % Correct
Dessert with birthday candlesCAKE
98.3%
Natural sugar sourceCANE
97.3%
Large farm buildingBARN
95.5%
Existing as a result of birthBORN
95%
Early part of dayMORN
94.9%
★ Nominee: The Adventures of Robin ____HOOD
94.7%
Head honcho at workBOSS
94.3%
What an owl givesHOOT
94.2%
Rubber outer wheel part (US sp.)TIRE
93.1%
RippedTORE
93.1%
DomesticatedTAME
92.9%
A dull, uninteresting fellowBORE
92.8%
A sound from your own hornTOOT
92.2%
★ Nominee: Alexander’s Rag____ [Rung 15] ★TIME
91.7%
Having cut grassMOWN
90.9%
MA sound tech companyBOSE
90.8%
★★ Best Picture: You [Rung 1] ____ It [Rung 42] You ★★TAKE
90.4%
State of mind or feelingMOOD
90.4%
Clenched handFIST
88.7%
Rule violation in sportsFOUL
88.4%
Gill-bearing aquatic animalFISH
86.9%
Hint 4-Letter Word % Correct
Phobos or Deimos of MarsMOON
86.9%
Hudson, Baffin, and ChesapeakeBAYS
86.4%
Made when birthday candles are blown outWISH
85.8%
ForbidsBANS
85.5%
Animated movie or show (abbrev.)TOON
84.5%
Young horseFOAL
84.4%
Pleasure journey through several places TOUR
81.7%
★ Nominee: ____ Daughters ★FOUR
81.1%
★★ Best Picture: You ____ [Rung 4] It [Rung 42] You ★★CAN'T
81%
★ Nominee: Alexander’s Rag[Rung 6] ____BAND
80.9%
Tribal poet-singerBARD
80.9%
Boast, brag about somethingTOUT
80.1%
★ Nominee: ____ [Rung 21] ★BOYS
79.5%
Udder nippleTEAT
78.5%
★ Nominee: [Rung 12] ____TOWN
78.2%
Large gathering for a common activity FEST
75.3%
★★ Best Picture: You [Rung 1] [Rung 4] It ____ You ★★WITH
74%
★ Nominee: ____ Pilot ★TEST
72.3%
Partially decomposed organic fuel PEAT
71.4%
Loud ringing of a bell PEAL
67.4%
Faithful, loyal (archaic)FEAL
64.1%

Today's Daily Dose

Word Ladder
Silence

Get the Picture
Philly Team Facts

You're not logged in!

Compare scores with friends on all Sporcle quizzes.
OR
Log In

Sporcle TV

Today on Sporcle TV


Watch our educational content, quiz creation guides, and fun videos on Sporcle TV.

Show Comments

Extras

Top Quizzes Today


Score Distribution

Your Account Isn't Verified!

In order to create a playlist on Sporcle, you need to verify the email address you used during registration. Go to your Sporcle Settings to finish the process.

Report this User

Report this user for behavior that violates our Community Guidelines.

Details: